Queensland State of Origin players - Statistics

General Stats
  • This quiz has been taken 87 times
  • The average score is 40 of 236
Answer Stats
Hint Answer % Correct
Melbourne Storm Billy Slater
100%
Melbourne Storm Cameron Smith
100%
Melbourne Storm Cooper Cronk
100%
North QLD Johnathan Thurston
100%
Fortitude Valley Wally Lewis
100%
Melbourne Storm Cameron Munster
75%
Brisbane Broncos Darren Lockyer
75%
Gold Coast AJ Brimson
50%
North Syndey Bears Alan Smith
50%
Ipswich Jets Allan Langer
50%
Gold Coast Beau Fermor
50%
Illawarra Steelers Crag Smith
50%
Newcastle Knights Dane Gagai
50%
Brisbane Broncos Darius Boyd
50%
Canterbury Bulldogs Darren Smith
50%
Brisbane Broncos David Fifita
50%
Past Brothers Gary Smith
50%
Melbourne Storm Greg Inglis
50%
Wests Tigers Harry Grant
50%
Canterbury Bulldogs Jason Smith
50%
North QLD Jeremiah Nanai
50%
Sydney Roosters John Lang
50%
North QLD Josh Hannay
50%
Canberra Raiders Josh Papalii
50%
Newcastle Knights Kayln Ponga
50%
Sydney Roosters Lindsay Collins
50%
Cronulla Sharks Martin Lang
50%
North QLD Matt Bowen
50%
Penrith Panthers Matt Sing
50%
Canterbury Bulldogs Nate Myles
50%
Brisbane Broncos Patrick Carrigan
50%
North QLD Paul Bowman
50%
Manly Sea-Eagles Paul Vautin
50%
Brisbane Broncos Reece Walsh
50%
Newcastle Knights Robbie O'Davis
50%
Brisbane Broncos Shane Webcke
50%
Brisbane Broncos Shaun Berrigan
50%
Manly Sea-Eagles Steven Bell
50%
Gold Coast Tino Fa'asuamaleaui
50%
North QLD Tom Dearden
50%
Redcliffe Dolphins Wally Fullerton-Smith
50%
Brisbane Broncos Xavier Coates
50%
Sydney Roosters Adrian Lam
25%
Sydney Roosters Aiden Guerra
25%
Brisbane Broncos Alan Cann
25%
Parramatta Arthur Beetson
25%
Souths Rabbitohs Ashley Harrison
25%
Brisbane Broncos Ben Hunt
25%
Gold Coast Ben Ikin
25%
Melbourne Storm Brenko Lee
25%
Canterbury Bulldogs Brett Dallas
25%
Redcliffe Dolphins Chis Close
25%
Souths Rabbitohs Corey Allan
25%
Brisbane Broncos Corey Oates
25%
South Queensland Craig Teevan
25%
Melbourne Storm Dallas Johnson
25%
Brisbane Broncos Dane Carlaw
25%
Sydney Roosters Dylan Napa
25%
Newcastle Knights Edrick Lee
25%
Canberra Raiders Gary Belcher
25%
Canberra Raiders Gary Coyne
25%
Brisbane Broncos Gavin Allen
25%
Nth QLD Gavin Cooper
25%
Easts Tigers Gavin Jones
25%
Brisbane Broncos Gehamat Shibasaki
25%
Wynnum Manly Gene Miles
25%
St George Dragons Gordon Tallis
25%
Norths Devils Greg Conescu
25%
Wynnum Manly Greg Dowling
25%
North QLD Hamiso Tabuai-Fidow
25%
Melbourne Storm Israel Folau
25%
Gold Coast Jamie Goddard
25%
Brisbane Broncos Jharal Yow Yeh
25%
Brisbane Broncos Joe Kilroy
25%
St George Dragons John Dowling
25%
Manly Sea-Eagles John Ribot
25%
Brisbane Broncos Kerrod Walters
25%
Sydney Roosters Kerry Boustead
25%
Brisbane Broncos Kevin Walters
25%
Penrith Panthers Kurt Capewell
25%
Canterbury Bulldogs Kurt Mann
25%
Souths Logan Mal Meninga
25%
St George Dragons Mark Coyne
25%
Brisbane Broncos Mark Hohn
25%
Norths Devils Mark Murray
25%
North Sydney Martin Bella
25%
Manly Sea-Eagles Matt Ballin
25%
Cronulla Sharks Matt Rogers
25%
Brisbane Broncos Michael Hancock
25%
North QLD Murray Taulagi
25%
Wests Panthers Norm Carr
25%
Souths Logan Peter Jackson
25%
Toowoomba Wattles Rohan Hancock
25%
North QLD Ruben Cotter
25%
Brisbane Broncos Selwyn Cobbo
25%
Wests Magpies Steve Jackson
25%
Brisbane Broncos Steve Renouf
25%
Canberra Raiders Steve Walters
25%
South Queensland Terry Cook
25%
North QLD Tom Gilbert
25%
Brisbane Broncos Tonie Carroll
25%
Wests Panthers Tony Currie
25%
Sydney Roosters Trevor Gillmeister
25%
North QLD Ty Williams
25%
Nth QLD Valentine Holmes
25%
St George Dragons Wayne Bartrim
25%
Canberra Raiders Adam Mogg
0%
Newcastle Knights Adrian Brunker
0%
Gold Coast Adrian Vowles
0%
Illawarra Steelers Alan McIndoe
0%
Brisbane Broncos Andrew Gee
0%
Brisbane Broncos Andrew McCullough
0%
Brisbane Broncos Anthony Milford
0%
Melbourne Storm Antonio Kaufusi
0%
Brisbane Broncos Ben Hannant
0%
Penrith Panthers Ben Ross
0%
Brisbane Broncos Ben Teo
0%
North Sydney Billy Moore
0%
Past Brothers Bob Kellaway
0%
Souths Logan Bob Lindner
0%
Easts Tigers Brad Backer
0%
Brisbane Broncos Brad Meyers
0%
Souths Logan Brad Tessmann
0%
Brisbane Broncos Brad Thorn
0%
Brisbane Broncos Brent Tate
0%
Wynnum Manly Brett French
0%
Souths Logan Bruce Astill
0%
Manly Sea-Eagles Bruce Walker
0%
Fortitude Valley Bryan Niebling
0%
Brisbane Broncos Carl Webb
0%
Brisbane Broncos Casey McGuire
0%
Easts Tigers Cavil Heugh
0%
Cronulla Sharks Chris Beattie
0%
Sydney Roosters Chris Flannery
0%
Cronulla Sharks Chris McKenna
0%
Souths Rabbitohs Chris Mcqueen
0%
Souths Logan Chris Phelan
0%
Melbourne Storm Christian Welch
0%
Brisbane Broncos Chris Walker
0%
South Queensland Clinton O'Brien
0%
Canberra Raiders Clinton Schifcofske
0%
Nth QLD Coen Hess
0%
Easts Tigers Colin Scott
0%
Canberra Raiders Corey Horsburgh
0%
St George Dragons Corey Norman
0%
Brisbane Broncos Corey Parker
0%
Cronulla Sharks Craig Greenhill
0%
Manly Sea-Eagles Dale Shearer
0%
Manly Sea-Eagles Daly Chery-Evans
0%
Melbourne Storm Dane Nielsen
0%
Parramatta Eels Daniel Wagon
0%
Manly Sea-Eagles Danny Moore
0%
Cronulla Sharks Danny Nutley
0%
Cronulla Sharks Dan Stains
0%
Illawarra Steelers Darren Fritz
0%
Penrith Panthers Daryl Brohman
0%
Manly Sea-Eagles Dave Brown
0%
Canberra Raiders David Shillington
0%
Brisbane Broncos David Stagg
0%
Souths Rabbitohs David Taylor
0%
Canberra Raiders Dunamis Lui
0%
Souths Rabbitohs Ethen Lowe
0%
Melbourne Storm Felise Kaufusi
0%
North QLD Francis Molo
0%
North Sydney Gary Larson
0%
St George Dragons Graham Quinn
0%
Fortitude Valley Grant Rix
0%
Easts Tigers Greg Holben
0%
Balmain Tigers Greg Oliphant
0%
Wynnum Manly Ian French
0%
North QLD Jacob Lillyman
0%
Gold Coast Jai Arrow
0%
Sydney Roosters Jake Friend
0%
Gold Coast Jarrod Wallace
0%
Canterbury Bulldogs Jason Hetherington
0%
Souths Rabbitohs Jaydn Su'a
0%
Gold Coast Jeremy Schloss
0%
Parramatta Eels J'maine Hopgood
0%
Brisbane Broncos Joe Ofahengaue
0%
North QLD John Buttigieg
0%
North QLD John Doyle
0%
Brisbane Broncos Josh McGuire
0%
Brisbane Broncos Julian O'Neill
0%
Sydney Roosters Justin Hodges
0%
Nth QLD Justin O'Neill
0%
Brisbane Broncos Karmichael Hunt
0%
New Zealand Warriors Kevin Campion
0%
North QLD Kyle Feldt
0%
North Sydney Les Kiss
0%
Brisbane Broncos Loti Tuqiri
0%
Brisbane Broncos Matt Gillett
0%
North QLD Matt Scott
0%
Sydney Roosters Michael Crocker
0%
Newcastle Knights Michael Hagan
0%
Nth QLD Michael Morgan
0%
Newcastle Knights Mike Mclean
0%
Souths Logan Mitch Brennan
0%
Gold Coast Moeaki Fotuaika
0%
Wests Tigers Moses Mbye
0%
North QLD Nathan Fien
0%
Canberra Raiders Neville Costigan
0%
Manly Sea-Eagles Niel Tierney
0%
Manly Sea-Eagles Owen Cunningham
0%
North QLD Paul Green
0%
Brisbane Broncos Paul Hauff
0%
Cronulla Sharks Paul Khan
0%
South Rabbitohs Paul McCabe
0%
Brisbane Broncos Peter Ryan
0%
Brisbane Broncos Petro Civoniceva
0%
Gold Coast Phillip Sami
0%
New Zealand Warriors PJ Marsh
0%
Penrith Panthers Rhys Wesser
0%
Sydney Roosters Robert Toia
0%
Balmain Tigers Rod Morris
0%
St George Dragons Rod Reddy
0%
Norths Devils Ross Henrick
0%
Melbourne Storm Russell Bawden
0%
Canberra Raiders Sam Backo
0%
Brisbane Broncos Sam Thaiday
0%
Wests Tigers Scott Prince
0%
Penrith Panthers Scott Sattler
0%
Wests Magpies Scott Tronc
0%
Sydney Roosters Shannon Hegarty
0%
Canterbury Bulldogs Steve Price
0%
Easts Tigers Steve Stacey
0%
Parramatta Eels Stuart Kelly
0%
Wynnum Manly Terry Butler
0%
Brisbane Broncos Thomas Flegler
0%
Melbourne Storm Tim Glasby
0%
North Sydney Tony Hearn
0%
Canterbury Bulldogs Travis Norton
0%
Melbourne Storm Trent Loiero
0%
Brisbane Broncos Wendell Sailor
0%
Melbourne Storm Will Chambers
0%
Brisbane Broncos Willie Carne
0%
Canterbury Bulldogs Willie Tonga
0%
No matching quizzes found
Score Distribution
Percent of People with Each Score
Percentile by Number Answered
Your Score History
You have not taken this quiz